| 000 | 00516nam a2200193 i 4500 | ||
|---|---|---|---|
| 001 | bg | ||
| 100 | 1 | _aGRZEGOŁOWSKA-KLARKOWSKA, Helena J. | |
| 245 | 0 |
_aMechanizmy obronne osobowości / _cH.J. Grzegołowska-Klarkowska. |
|
| 260 |
_aWarszawa : _bPańst. Wydaw. Naukowe, _c1986. |
||
| 300 |
_a292 s. ; _c20 cm. |
||
| 650 | 9 | _aOsobowość | |
| 020 | _a8301063653 | ||
| 040 | _cBPK | ||
| 041 | _apol | ||
| 080 | _a159.923 | ||
| 920 | _a83-01-06365-3 | ||
| 942 | _cKS | ||
| 008 | s pl f |000 0 pol | ||
| 999 |
_c23463 _d23463 |
||
| 856 |
_uhttp://koha.tu.koszalin.pl/cgi-bin/koha/opac-detail.pl?biblionumber=23463 _yKatalog online BPK |
||